Responses for show #6549 - Thursday, February 21, 2013

2013 Tournament of Champions semifinal game 2.

Contestants

Stephanie Jass, a history professor from Milan, Michigan

Colby Burnett, a high school world history teacher from Chicago, Illinois

Dan McShane, a bartender from West Islip, New York

Jeopardy! Round responses

THE WIT OF OSCAR WILDE
ORGANIZATIONS
HEAVY METAL HEROES
"B" NICE
NAMES IN AMERICAN LORE
THE YEAR THAT WAS
(Alex: And in that category you must take the clues in order from top to bottom.)
    $200 14
die

Dan
    $200 17
M.A.D.D.

Colby
    $200 1
(Ozzy) Osbourne

Dan
    $200 9
benign

Dan
    $200 3
Johnny Appleseed

Colby
    $200 22
fluoride

Stephanie
    $400 25
age

Dan
    $400 18
Scrabble

Colby
    $400 2
(Stephanie: Who is Van Halen?)
(Alex: Which one?)
(Stephanie: [*].)

Eddie Van Halen

Stephanie
    $400 10
benefits

Dan
    $400 4
John Henry

Colby
    $400 23
The Empire State Building

Colby
    $600 26
Dorian Gray

Dan
    $600 19
polio

Colby
    $600 6
Guns N' Roses

Dan
    $600 11
boon

Dan
    $600 5
Sitting Bull

Dan
    $600 24
Mildred Pierce

Stephanie
    $800 27
experience

Triple Stumper
    $800 20
The Salvation Army

Colby
    $800 7
Twisted Sister

Colby
    $800 12
bonnie

Stephanie
    $800 15
Diamond Jim

Stephanie
    $800 29
MacArthur

Colby
    $1000 28
Judas

Dan
    $1000 21
Children's Defense Fund

Dan
    $1000 8
Anthrax

Dan
    $1000 13
(Stephanie: What is brotherhood?)
...
(Alex: The [*] and Protective Order of Elks.)

benevolent

Stephanie
Triple Stumper
    $1000 16
Mike Fink

Colby
    $1000 30
1945

Dan

Scores at the first commercial break (after clue 15):

Dan Colby Stephanie
$3,800 $1,400 $1,000

Scores at the end of the Jeopardy! Round:

Dan Colby Stephanie
$7,800 $5,600 $1,800

Double Jeopardy! Round responses

U.S. GEOGRAPHY
PSYCH! (-OLOGY)
ALMOST BEFORE & AFTER
ROYAL WEDDINGS
DIRECTORS' BIG SCREEN FAREWELLS
THE LARGE HADRON COLLIDER
(Kelly: The Geneva facility where scientists are coming to understand the incredibly small building blocks of our world.)
    $400 6
Florida

Stephanie
    $400 26
bandwagon

Colby
    $400 16
the Black Boxer Rebellion

Colby
    $400 1
Belgium

Stephanie
    $400 22
(Alex: Oh, the marvelous [*].)

David Lean

Triple Stumper
    $400 11
dark matter

Colby
    $800 7
Snake

Colby
    $800 27
Rorschach

Dan
    $800 17
French Onion Super Bowl

Stephanie
    $800 2
Marie Antoinette

Stephanie
    $800 23
(Federico) Fellini

Stephanie
    $800 12
plasma

Triple Stumper
    $2,000 8
(Alex: You did some little geography there, a lot of traveling around.)

Wisconsin

Colby
    $1200 28
passive aggressiveness

Stephanie
    $1200 18
Breakfast at Tiffani Amber Thiessen

Dan
    $1200 3
crystals

Stephanie
    $1200 24
Sergio Leone

Dan
    $1200 13
magnets

Colby
    $1600 9
Hatteras

Dan
    $1600 29
persona

Colby
    $1600 19
[Laughter]
(Stephanie: What a house!)
(Alex: Don't knock it unless you've visited there.)

Marquis de Sod House

Stephanie
    $1600 4
George III

Stephanie
    $2,600 21
(Alex: You had a choice between Charlie Chaplin and [*], and the correct response is [*]. Well done.)
[Applause]

(D.W.) Griffith

Dan
    $1600 14
protons

Colby
    $2000 10
Mesabi (Range)

Colby
    $2000 30
dissonance

Colby
    $2000 20
Schadenfreudian Slip

Dan
    $2000 5
Bhutan

Colby
    $2000 25
(Sergei) Eisenstein

Dan
    $2000 15
(Peter) Higgs

Colby

Scores at the end of the Double Jeopardy! Round:

Dan Colby Stephanie
$19,200 $22,000 $10,600

[wagering suggestions for these scores]

Final Jeopardy! Round responses

RUSSIAN HISTORY
(Alex: [To Colby] The first of Stalin's [*]s.)
StephanieWhat is Stalin's Modernzation Modernization Plan?
$10,000
DanWhat is are the pogroms?
$2,801
ColbyWhat is the 5-year plan?
$16,401
5-year plan

Final scores:

Dan Colby Stephanie
$16,399 $38,401 $600
2nd place: $10,000 Finalist 3rd place: $10,000

Game dynamics:

Coryat scores:

Dan Colby Stephanie
$18,200 $21,200 $10,600
20 R
(including 1 DD),
0 W
22 R
(including 2 DDs),
0 W
14 R,
1 W

Combined Coryat: $50,000

The J! Archive is created by fans, for fans. The Jeopardy! game show and all elements thereof, including but not limited to copyright and trademark thereto, are the property of Jeopardy Productions, Inc. and are protected under law. This website is not affiliated with, sponsored by, or operated by Jeopardy Productions, Inc. Join the discussion at JBoard.tv.